| 000 | 00585nam a2200217Ia 4500 | ||
|---|---|---|---|
| 005 | 20240426135947.0 | ||
| 008 | 140110s9999 xx 000 0 und d | ||
| 020 |
_a9788121210058 _cRs.690.00 |
||
| 040 | _aLoreto College | ||
| 041 | _aEnglish | ||
| 082 |
_a371.3 _bSIN |
||
| 245 |
_aTeaching Teachers for a Knowledge Society _cEdited by R.P.Singh |
||
| 260 |
_aNew Delhi _bGyan Publishing _c2008 |
||
| 300 | _a292P. | ||
| 504 | _aIncludes index | ||
| 650 | _aTeacher education | ||
| 651 | _aKnowledge Society | ||
| 700 | _aSingh, R.P., ed. | ||
| 850 | _aLCBED | ||
| 942 | _cBK | ||
| 999 |
_c36447 _d86926 |
||